Belgium Pro League Team Logos 23-24 - Statistics

General Stats
  • This quiz has been taken 147 times
  • The average score is 12 of 16
Answer Stats
Picture Answer % Correct
KRC Genk
99%
Club Brugge
95%
RSC Anderlecht
94%
Antwerp FC
90%
KAA Gent
90%
Union SG
86%
Cercle Brugge
85%
Standard de Liège
80%
Charleroi
76%
KVC Westerlo
70%
KV Mechelen
70%
OHL
69%
KAS Eupen
63%
STVV
62%
KV Kortrijk
60%
RWDM
52%
No matching quizzes found
Score Distribution
Percent of People with Each Score
Percentile by Number Answered
Your Score History
You have not taken this quiz